The quicksilver pool /

Gardado en:
Detalles Bibliográficos
Autor Principal: Whitney, Phyllis A., 1903-
Formato: Libro
Idioma:English
Publicado: Loughton, Essex : Piatkus Books, 1980.
Edición:1st United Kingdom hardcover ed.
Series:Piatkus editions
Subjects:
LEADER 01181cam a2200301 a 4500
001 c000275889
003 CARM
005 20071108151238.0
008 801105s1980 enk 000 1 eng d
015 |a B8008452 
019 1 |a 1875760  |5 LACONCORD2021 
020 |a 0861880315 :  |c £5.95 : CIP rev 
035 |a (OCoLC)59842583  |5 LACONCORD2021 
040 |a BNB  |b eng  |c BNB  |d NNPL  |d VCAV 
082 0 4 |a 823.914  |2 22 
100 1 |a Whitney, Phyllis A.,  |d 1903- 
245 1 4 |a The quicksilver pool /  |c Phyllis A. Whitney. 
250 |a 1st United Kingdom hardcover ed. 
260 |a Loughton, Essex :  |b Piatkus Books,  |c 1980. 
300 |a 303 p. ;  |c 21 cm. 
490 0 |a Piatkus editions 
500 |a Fiction in English, 1900-. Texts (BNB/PRECIS) 
500 |a Originally published: New York : Appleton, Century, Crofts, 1955 ; London : Coronet, 1973. 
500 |a Available from 17 Brook Rd, Loughton, Essex IG10 1BW. 
650 0 |a English fiction. 
852 8 |b CARM  |h A1:AM20A0  |i A04949  |p 0395492  |f BK 
999 f f |i 74a3c444-6592-5600-a057-35f6aa50d0f6  |s 54211760-0ce5-5c0c-a6b3-515f8ac36008 
952 f f |p Can circulate  |a CAVAL  |b CAVAL  |c CAVAL  |d CARM 1 Store  |e A04949  |f A1:AM20A0  |h Other scheme  |i book  |m 0395492